The finite element method : (Record no. 33193)

000 -LEADER
fixed length control field 00560 a2200193 4500
003 - CONTROL NUMBER IDENTIFIER
control field NUST
020 ## - INTERNATIONAL STANDARD BOOK NUMBER
International Standard Book Number 0750663200
038 ## - RECORD CONTENT LICENSOR
Staff Name khadija
082 04 - DEWEY DECIMAL CLASSIFICATION NUMBER
Classification number 620.0015
Author Mark ZIE
100 1# - MAIN ENTRY--PERSONAL NAME
Personal name Zienkiewicz, O. C.
9 (RLIN) 8922
245 14 - TITLE STATEMENT
Title The finite element method :
Remainder of title its basis and fundamentals /
Statement of responsibility, etc. O. C. Zienkiewicz, R. L. Taylor, J.Z. Zhu.
250 ## - EDITION STATEMENT
Edition statement 6th ed.
260 ## - PUBLICATION, DISTRIBUTION, ETC.
Place of publication, distribution, etc. [S.l.] :
Name of publisher, distributor, etc. Butterworth-Heinemann,
Date of publication, distribution, etc. 2000.
300 ## - PHYSICAL DESCRIPTION
Extent 752 p. ;
Dimensions 25 cm.
563 ## - BINDING INFORMATION
Binding note hardcover
700 1# - ADDED ENTRY--PERSONAL NAME
Personal name Taylor, R. L.
9 (RLIN) 8923
700 1# - ADDED ENTRY--PERSONAL NAME
Personal name Zhu, J.Z.
9 (RLIN) 8924
942 ## - ADDED ENTRY ELEMENTS (KOHA)
Institution code [OBSOLETE] SNS
Koha item type Book
Call number prefix 518.25 ZIE
Source of classification or shelving scheme
Holdings
Withdrawn status Lost status Source of classification or shelving scheme Damaged status Not for loan Permanent Location Current Location Shelving location Date acquired Full call number Barcode Date last seen Price effective from Koha item type Public note
          School of Mechanical & Manufacturing Engineering (SMME) School of Mechanical & Manufacturing Engineering (SMME) General Stacks 01/05/2016 620.0015 ZIE SMME-1953 03/29/2018 01/05/2016 Book Rack,41-Shelf,3
© 2023 Central Library, National University of Sciences and Technology. All Rights Reserved.